00896nam a22002771 450000100060000000300080000600500170001400800410003103500190007203500230009103500270011403500190014103500190016004000440017904100080022308200200023110000610025124500360031226000360034830000270038474000190041174000170043094200120044799900170045995201420047619237BD-RjUL20211209000414.0860407s1923 nyu 000 0 eng d a(OCoLC)1300030 a(OCoLC)ocm01300030 a(CStRLIN)NYCG86-B35706 a(BD-RjUL)19295 a(BD-RjUL)19295 cOKentUdNNUdCStRLINdNNCaBD-RjULbeng aeng a823.9bPOL 19681 aPowys, T.F.d1875-1953.qPowys, Theodore Francis,95918514aThe left leg /cby T. F. Powys. aNew York :bA. A. Knopf,c1968. a[6], 311 p. :c20 cm.00aHester Dominy.00aAbraham men. 2ddccBK c19237d19237 00102ddc40718FICaRUCLbRUCLcReadingd1970-12-03eSweet & Zeitherg0.00l0o823.9 POL 1968r2014-02-23 00:00:00tC-1w2014-02-23yBK